Electronic data processing / (Record no. 179479)
[ view plain ]
| 000 -LEADER | |
|---|---|
| fixed length control field | 00964 a2200205 4500 |
| 003 - CONTROL NUMBER IDENTIFIER | |
| control field | Nust |
| 005 - DATE AND TIME OF LATEST TRANSACTION | |
| control field | 20220721093738.0 |
| 010 ## - LIBRARY OF CONGRESS CONTROL NUMBER | |
| LC control number | 78366024 |
| 020 ## - INTERNATIONAL STANDARD BOOK NUMBER | |
| International Standard Book Number | 0273404555 |
| 040 ## - CATALOGING SOURCE | |
| Transcribing agency | Nust |
| 082 00 - DEWEY DECIMAL CLASSIFICATION NUMBER | |
| Classification number | 004,EME |
| 100 1# - MAIN ENTRY--PERSONAL NAME | |
| Personal name | Emery, Glyn. |
| 9 (RLIN) | 94223 |
| 245 10 - TITLE STATEMENT | |
| Title | Electronic data processing / |
| Statement of responsibility, etc. | Glyn Emery |
| 260 ## - PUBLICATION, DISTRIBUTION, ETC. | |
| Place of publication, distribution, etc. | London, |
| Name of publisher, distributor, etc. | Pitman, |
| Date of publication, distribution, etc. | 1968. |
| 300 ## - PHYSICAL DESCRIPTION | |
| Extent | xii, 344 p. |
| Other physical details | illus. |
| Dimensions | 23 cm. |
| 505 ## - FORMATTED CONTENTS NOTE | |
| Formatted contents note | What Is Data Processing (Page-1), Some Fundamental Ideas (Page-15), Instructions (Page-36), Modifying And Counting (Page-61), Subroutines (Page-74), How Programs Are Assembled (Page-88), How Programs Are Run And Checked (Page-104), The System Centre (Page-120), Faster (Page-138), Floating Point (Page-155), Input And Output (Page-191), Files And Files Devices (Page-218), Multiprogramming (Page-260), The Architecture Of A Range (Page-287). |
| 650 #0 - SUBJECT ADDED ENTRY--TOPICAL TERM | |
| Topical term or geographic name entry element | Electronic data processing. |
| 650 #0 - SUBJECT ADDED ENTRY--TOPICAL TERM | |
| Topical term or geographic name entry element | Electronic digital computers. |
| 942 ## - ADDED ENTRY ELEMENTS (KOHA) | |
| Source of classification or shelving scheme | |
| Koha item type | Book |
| Call number prefix | 004,EME |
| Withdrawn status | Lost status | Source of classification or shelving scheme | Damaged status | Not for loan | Permanent Location | Current Location | Shelving location | Date acquired | Full call number | Barcode | Date last seen | Price effective from | Koha item type | Public note |
|---|---|---|---|---|---|---|---|---|---|---|---|---|---|---|
| Military College of Signals (MCS) | Military College of Signals (MCS) | General Stacks | 12/12/2016 | 004,EME | MCS3137 | 12/08/2016 | 12/12/2016 | Book | Almirah No.1, Shelf No.4 |
